000 01100cam a2200373Mi 4500
001 76449
005 20230410115416.0
008 080605s2008 fr 000 0 fre d
035 _a(OCoLC)ocn231719986
040 _aTZT
_cTZT
_dUBA
020 _a9782081216518
020 _a2081216515
029 0 _aTZT
_bJTL00226577
035 _a(OCoLC)231719986
082 0 0 _a339.3
050 1 4 _aHD 4901
_bM488a 2008
100 1 _aMéda, Dominique,
_d1962-.
245 1 0 _aAu-deláa du PIB :
_bPour une autre mesure de la richesse /
_cDominique Méda.
260 _aParis :
_bFlammarion,
_c2008.
300 _a276 p.
440 0 _aChamps .
_pActuel ;
_v796
650 0 _aLabor.
650 0 _aLabor
_xSocial aspects.
650 0 _aWork
_xSocial aspects
_zFrance.
650 0 _aWork
_zFrance
_xPsychological aspects.
650 0 _aIndustrial sociology
_zFrance.
650 4 _aTrabajo.
650 4 _aSociología industrial.
650 4 _aTrabajo y trabajadores.
938 _aJean Touzot Libraire Editeur
_bTOUZ
_nJTL00226577
_c7 EUR
942 _2lcc
_cbk
946 _amjcruz
994 _aC0
_bDRFGD
999 _c40563
_d40563